LEADER 00754nam0-2200289 --450 001 9910647993503321 005 20230308100231.0 010 $a978-88-04-60325-2 020 $aIT$b2010-10189 100 $a20230308d2010----kmuy0itay5050 ba 101 0 $aita 102 $aIT 105 $a 001yy 200 1 $aLeopardi$fPietro Citati 210 $aMilano$cMondadori$d2010 215 $a436 p.$d23 cm 225 1 $aSaggi 610 0 $aLeopardi, Giacomo <1798-1837> 676 $a851.7$v19 700 1$aCitati,$bPietro$f<1930-2022>$01283249 801 0$aIT$bUNINA$gREICAT$2UNIMARC 901 $aBK 912 $a9910647993503321 952 $aFONDO ROSSI 4438$bROSSI 4559$fFARBC 959 $aFARBC 996 $aLeopardi$93019022 997 $aUNINA